000 01312nam a22002537a 4500
005 20141110152632.0
008 141107s1926 ag ||||fr|||| 001 0 spa d
040 _cSandra Yazo
_dSandra Yazo
041 0 _aspa
082 0 4 _220
_a982
092 _aE34N022
100 1 _aCorrea Luna, Carlos
_965779
245 1 0 _aAlvear y la diplomacia de 1824-1825
_bEn inglaterra, Estados Unidos y Alto Perú, con Canning, Monroe, Quincy Adams, Bolivar y Sucre.
_cpor Carlos Correa Luna
260 _aBuenos Aires (Argentina)
_bM. Gleizer - Editor
_c1926
300 _a111, [14] páginas
_c19 x 14 cm.
500 _aDetales físicos: Encuadernación rígida en cartón forrada en papel. Lomo en tela con adornos en dorado. Guardas. Anteportada. Portada impresa en una sola tinta. Texto impreso en una sola columna, algunas ilustraciones entre el texto.
505 0 _aAlvear en Inglaterra ; La misión en Estados Unidos ; La cuestión oriental y Quincy Adams , Alrededor de Colombia y del conflicto brasileño ; Los efectos de Ayacucho en Buenos Aires
506 _aConsulta en sala
600 1 4 _aAlvear, Carlos María de
_d1789-1852
_965667
650 7 _aHistoria
_962638
_zArgentina
650 7 _aDiplomacia
_913310
_zArgentina
690 _942842
_aHistoria de América
942 _2LOCAL
_cLIBRO
_e1
_hE34N022
999 _c297680
_d297680